LEADER 01220nam0-22002891i-450- 001 990000090450403321 035 $a000009045 035 $aFED01000009045 035 $a(Aleph)000009045FED01 035 $a000009045 100 $a20011111d--------km-y0itay50------ba 101 0 $aita 105 $ay-------001yy 200 1 $aSulla risposta dell'ing. Goretti alle considerazioni del Lombardini rispetto alla proposta di riattivare il Po di Primaro esul piano di divertire Burana in Po, oppure di condurla al mare coll'attivazione della botte sotto il Panaro$fosservazioni di Elia Lombardini. 210 $aMilano$cTip. e lit. degli ingegneri$d1872 215 $a57 p.$d28 cm 610 0 $aPo 676 $a627.120 945 2 700 1$aLombardini,$bElia$f<1794-1878>$05588 801 0$aIT$bUNINA$gRICA$2UNIMARC 901 $aBK 912 $a990000090450403321 952 $a13 AR 13 E 07$b5028$fFINBC 959 $aFINBC 996 $aSulla risposta dell'ing. Goretti alle considerazioni del Lombardini rispetto alla proposta di riattivare il Po di Primaro esul piano di divertire Burana in Po, oppure di condurla al mare coll'attivazione della botte sotto il Panaro$9109632 997 $aUNINA DB $aING01 LEADER 00787nam a2200205 i 4500 001 991003203549707536 005 20020509114009.0 008 980213s|||| ||| ||| | ||| 035 $ab11124969-39ule_inst 035 $aPARLA177174$9ExL 040 $aDip.to Filosofia$bita 100 1 $aDelatte, A.$0190768 245 10$aHerbarius :$brecherches sur le cérémonial usité chez les anciens pour la cueillette des simples et des plantes magiques /$cA. Delatte 300 $a176 p. ;$c25 cm. 907 $a.b11124969$b02-04-14$c28-06-02 912 $a991003203549707536 945 $aLE005 MF 51 M 25$g1$i2005000008023$lle005$o-$pE0.00$q-$rl$s- $t0$u1$v0$w1$x0$y.i11263052$z28-06-02 996 $aHerbarius$9285636 997 $aUNISALENTO 998 $ale005$b01-01-98$cm$da $e-$feng$gxx $h0$i1